| 000 | 00927nam a22002417a 4500 | ||
|---|---|---|---|
| 005 | 20100716151356.0 | ||
| 008 | 100716t xxu||||| |||| 00| 0 eng d | ||
| 010 | _aENG-96415 | ||
| 020 |
_a9780070699328 _c265.00 |
||
| 020 |
_a0070699321 _c265.00 |
||
| 035 | _aEN-79948 | ||
| 037 | _bD.B.Act / Pub | ||
| 040 |
_aDpl _bEng |
||
| 082 | _a000 | ||
| 100 |
_aJoon, sanjeev _93652 |
||
| 245 |
_aComplete guide for SSC (Staff Selection Commission) combined graduate level examination : _cby Sanjeev Joon _btier I & II / |
||
| 260 |
_aNew Delhi _bTata McGraw-Hill Publishing _c2010 |
||
| 270 |
_a7, West Patel Nagar _bNew Delhi _cDelhi _e110008 |
||
| 300 |
_avarious pagings _c24 cm. (pbk) |
||
| 490 |
_aTata McGraw Hill's winning edge series _91235 |
||
| 942 |
_adpl _cEN _2ddc _mJOO _h000 |
||
| 999 |
_c37029 _d37029 |
||